000 00385nam a2200145 i 4500
001 bg
100 1 _aSWEDOW, A. S.
245 0 _aIzgotowlenie i remont izmeritelnych i rezuscich instrumentow /
_cA.S. Swedow, E.A. Kocenkowa.
260 _aMoskwa,
_c1972.
700 1 _aKOCENKOWA, E. A.
040 _cBPK
041 _apol
942 _cKS
008 s pl f |000 0 pol
999 _c15388
_d15388
856 _uhttp://koha.tu.koszalin.pl/cgi-bin/koha/opac-detail.pl?biblionumber=15388
_yKatalog online BPK